| 000 | 00608nam a2200217 u 4500 | ||
|---|---|---|---|
| 005 | 20240111063548.0 | ||
| 008 | 160908s2015 r 000 0 eng d | ||
| 020 | _a9788415100539 | ||
| 035 | _aUPN01000212968 | ||
| 049 | _aCG | ||
| 050 | 4 |
_aPN4128 _bT4.2 2105 |
|
| 245 | 0 | 0 |
_aTécnicas para hablar en público / _ccoord. Paloma Ramos Ramos. |
| 250 | _a2a ed. | ||
| 260 |
_aMálaga, Esp. : _bICB, _cc2015. |
||
| 300 |
_a158, [12] p. : _bil. |
||
| 650 | 7 |
_aHablar en público _2 _9173 |
|
| 650 | 2 |
_aOratoria _94605 |
|
| 700 | 1 |
_aRamos Ramos, Paloma, _ecoord. _939642 |
|
| 905 | _aLibro | ||
| 999 |
_c185068 _d185068 |
||